000 00237nam a22000857a 4500
008 161111b xxu||||| |||| 00| 0 eng d
100 _91143
_asatyanand. k
245 _athe story of the red cross
260 _anew delhi
_bnational book trust
_c2006
999 _c3803
_d3803